Perray-Vaucluse. Anamnesis de un hospital en reconversión (notice n° 1664110)

détails MARC
000 -LEADER
fixed length control field 01686cam a2200349 4500500
005 - DATE AND TIME OF LATEST TRANSACTION
control field 20260222001023.0
041 ## - LANGUAGE CODE
Language code of text/sound track or separate title fre
042 ## - AUTHENTICATION CODE
Authentication code dc
100 10 - MAIN ENTRY--PERSONAL NAME
Personal name Delanoé-Vieux, Carine
Relator term author
245 00 - TITLE STATEMENT
Title Perray-Vaucluse. Anamnesis de un hospital en reconversión
260 ## - PUBLICATION, DISTRIBUTION, ETC.
Date of publication, distribution, etc. 2021.<br/>
500 ## - GENERAL NOTE
General note 66
520 ## - SUMMARY, ETC.
Summary, etc. Este artículo da fe de los pasos dados por el Lab-ah - laboratorio de acogida y de la hospitalidad del GHU París psiquiatría & neurociencias – con relación al acompañamiento cultural y memorial de los profesionales del sitio histórico de Perray-Vaucluse (Essonne) reconvertido por motivo de la transferencia de sus actividades sanitarias hacia París. Profesionales, investigadores, diseñadores y artistas se han federado en torno a una Casa del patrimonio para interrogar objetos y sujetos y dar fe de la pequeña memoria de la “pequeña memoria de lo cotidiano” del hospital.
690 ## - LOCAL SUBJECT ADDED ENTRY--TOPICAL TERM (OCLC, RLIN)
Topical term or geographic name as entry element centro hospitalario de Perray-Vaucluse
690 ## - LOCAL SUBJECT ADDED ENTRY--TOPICAL TERM (OCLC, RLIN)
Topical term or geographic name as entry element cultura
690 ## - LOCAL SUBJECT ADDED ENTRY--TOPICAL TERM (OCLC, RLIN)
Topical term or geographic name as entry element historia
690 ## - LOCAL SUBJECT ADDED ENTRY--TOPICAL TERM (OCLC, RLIN)
Topical term or geographic name as entry element hospital psiquiátrico
690 ## - LOCAL SUBJECT ADDED ENTRY--TOPICAL TERM (OCLC, RLIN)
Topical term or geographic name as entry element patrimonio hospitalario
690 ## - LOCAL SUBJECT ADDED ENTRY--TOPICAL TERM (OCLC, RLIN)
Topical term or geographic name as entry element testimonio
690 ## - LOCAL SUBJECT ADDED ENTRY--TOPICAL TERM (OCLC, RLIN)
Topical term or geographic name as entry element culture
690 ## - LOCAL SUBJECT ADDED ENTRY--TOPICAL TERM (OCLC, RLIN)
Topical term or geographic name as entry element history
690 ## - LOCAL SUBJECT ADDED ENTRY--TOPICAL TERM (OCLC, RLIN)
Topical term or geographic name as entry element hospital heritage
690 ## - LOCAL SUBJECT ADDED ENTRY--TOPICAL TERM (OCLC, RLIN)
Topical term or geographic name as entry element Perray-Vaucluse Hospital
690 ## - LOCAL SUBJECT ADDED ENTRY--TOPICAL TERM (OCLC, RLIN)
Topical term or geographic name as entry element psychiatric hospital
690 ## - LOCAL SUBJECT ADDED ENTRY--TOPICAL TERM (OCLC, RLIN)
Topical term or geographic name as entry element stories
700 10 - ADDED ENTRY--PERSONAL NAME
Personal name Coirié, Marie
Relator term author
700 10 - ADDED ENTRY--PERSONAL NAME
Personal name Bouhallier, Gaspard
Relator term author
700 10 - ADDED ENTRY--PERSONAL NAME
Personal name Fontaine, Coline
Relator term author
700 10 - ADDED ENTRY--PERSONAL NAME
Personal name Salabay, Benjamin
Relator term author
786 0# - DATA SOURCE ENTRY
Note L’Information Psychiatrique | Volume 97 | 1 | 2021-02-02 | p. 63-69 | 0020-0204
856 41 - ELECTRONIC LOCATION AND ACCESS
Uniform Resource Identifier <a href="https://stm.cairn.info/revista-l-information-psychiatrique-2021-1-page-63?lang=es&redirect-ssocas=7080">https://stm.cairn.info/revista-l-information-psychiatrique-2021-1-page-63?lang=es&redirect-ssocas=7080</a>

Pas d'exemplaire disponible.

PLUDOC

PLUDOC est la plateforme unique et centralisée de gestion des bibliothèques physiques et numériques de Guinée administré par le CEDUST. Elle est la plus grande base de données de ressources documentaires pour les Étudiants, Enseignants chercheurs et Chercheurs de Guinée.

Adresse

627 919 101/664 919 101

25 boulevard du commerce
Kaloum, Conakry, Guinée

Réseaux sociaux

Powered by Netsen Group @ 2025